| 000 | 01893nam a2200397 a 4500 | ||
|---|---|---|---|
| 001 | ebr10300235 | ||
| 003 | CaPaEBR | ||
| 006 | m u | ||
| 007 | cr cn||||||||| | ||
| 008 | 090805s2005 dcua s 000 0 eng d | ||
| 040 |
_aCaPaEBR _cCaPaEBR |
||
| 035 | _a(OCoLC)535146839 | ||
| 043 | _aa-tu--- | ||
| 050 | 1 | 4 |
_aHG1206.5 _b.T87 2005eb |
| 245 | 0 | 0 |
_aTurkey _h[electronic resource] : _brequest for stand-by arrangement and extension of repurchase expectations : staff report, staff supplements, press release on the Executive Board discussion, and statement by the Executive Director for Turkey / _c[prepared by the European Dept. in consultation with other departments]. |
| 260 |
_aWashington, D.C. : _bInternational Monetary Fund, _c2005. |
||
| 300 |
_a115, 13, 2, 4, 5 p. : _bill. |
||
| 490 | 1 |
_aIMF country report ; _vno. 05/412 |
|
| 500 | _a"Prepared by a staff team of the International Monetary Fund as background documentation for the periodic consultation with this member country." | ||
| 500 | _a"November 2005." | ||
| 533 |
_aElectronic reproduction. _bPalo Alto, Calif. : _cebrary, _d2013. _nAvailable via World Wide Web. _nAccess may be limited to ebrary affiliated libraries. |
||
| 610 | 2 | 0 |
_aInternational Monetary Fund _zTurkey. |
| 610 | 2 | 0 |
_aWorld Bank _zTurkey. |
| 650 | 0 |
_aMonetary policy _zTurkey. |
|
| 650 | 0 |
_aDebts, Public _zTurkey. |
|
| 650 | 0 |
_aFiscal policy _zTurkey. |
|
| 650 | 0 |
_aFinance _zTurkey. |
|
| 650 | 0 |
_aEconomic assistance _zTurkey. |
|
| 651 | 0 |
_aTurkey _xEconomic conditions _y1960- |
|
| 651 | 0 |
_aTurkey _xEconomic policy. |
|
| 655 | 7 |
_aElectronic books. _2local |
|
| 710 | 2 |
_aInternational Monetary Fund. _bEuropean Dept. |
|
| 710 | 2 | _aebrary, Inc. | |
| 830 | 0 |
_aIMF country report ; _vno. 05/412. |
|
| 856 | 4 | 0 |
_uhttp://site.ebrary.com/lib/rucke/Doc?id=10300235 _zAn electronic book accessible through the World Wide Web; click to view |
| 999 |
_c66397 _d66397 |
||